UBT Library

Mathematics for geographers and planners / (Record no. 43873)

000 -LEADER
fixed length control field 00649cam a2200241 i 4500
001 - CONTROL NUMBER
control field 4646473
005 - DATE AND TIME OF LATEST TRANSACTION
control field 20180301084117.0
008 - FIXED-LENGTH DATA ELEMENTS--GENERAL INFORMATION
fixed length control field 800903s1980 enk b 001 0 eng
010 ## - LIBRARY OF CONGRESS CONTROL NUMBER
LC control number 79041132
015 ## - NATIONAL BIBLIOGRAPHY NUMBER
National bibliography number GB***
020 ## - INTERNATIONAL STANDARD BOOK NUMBER
International Standard Book Number 0198741146 :
Terms of availability £12.50
020 ## - INTERNATIONAL STANDARD BOOK NUMBER
International Standard Book Number 0198741154 (pbk.)
040 ## - CATALOGING SOURCE
Original cataloging agency DLC
Transcribing agency DLC
Modifying agency DLC
041 ## - LANGUAGE CODE
Language code of text/sound track or separate title eng
080 ## - UNIVERSAL DECIMAL CLASSIFICATION NUMBER
Universal Decimal Classification number 510.2491 WIL
082 00 - DEWEY DECIMAL CLASSIFICATION NUMBER
Classification number 510.2491 WIL
Edition number 19
100 1# - Rafti
Rafti 44
101 ## - Shkurtesa
Shkurtesa GEO
245 10 - TITLE STATEMENT
Title Mathematics for geographers and planners /
Statement of responsibility, etc A. G. Wilson and M. J. Kirkby.
504 ## - BIBLIOGRAPHY, ETC. NOTE
Bibliography, etc Bibliography: p. [367]-373.
906 ## - LOCAL DATA ELEMENT F, LDF (RLIN)
a 7
b cbc
c orignew
d 2
e ocip
f 19
g y-gencatlg
942 ## - ADDED ENTRY ELEMENTS (KOHA)
Source of classification or shelving scheme
Item type Books
Holdings
Withdrawn status Lost status Source of classification or shelving scheme Damaged status Not for loan Collection code Permanent location Current location Shelving location Date acquired Total Checkouts Full call number Barcode Date last seen Price effective from Koha item type
          Koleksioni i përgjithshem UBT - Lipjan UBT - Lipjan Koleksioni i përgjithshem 03/01/2018   510.2491 WIL 002-3000280 03/01/2018 03/01/2018 Books
UBT Library © 2015-2024. All rights reserved University Education for Business and Technology